000 nam a22 7a 4500
999 _c9345
_d9345
008 180127b ||||| |||| 00| 0 eng d
100 _aLal 7 company
_95596
245 _aMaster English - IX
260 _aNew Delhi
_bLal Publication